Complex tori

Αποθηκεύτηκε σε:
Λεπτομέρειες βιβλιογραφικής εγγραφής
Κύριος συγγραφέας: Birkenhake, Christina
Άλλοι συγγραφείς: Lange, H. (Herbert) 1943-
Μορφή: Βιβλίο
Γλώσσα:English
Δημοσίευση: Boston : Birkhauser, c1999
Σειρά:Progress in mathematics (Boston, Mass.) ; 177
Θέματα:
Ετικέτες: Προσθήκη ετικέτας
Δεν υπάρχουν, Καταχωρήστε ετικέτα πρώτοι!

MARC

LEADER 00000nam a2200000 i 4500
001 1/104137
008 000308s1999 eng d
020 |a 0817641033 
035 |l 10058730 
040 |a GR-MY-UA  |b gre  |e aacr 
041 0 |a eng 
082 0 |a 514.3 
100 1 |a Birkenhake, Christina. 
245 1 0 |a Complex tori /  |c Christina Birkenhake, Herbert Lange 
260 |a Boston :   |b Birkhauser,   |c c1999 
300 |a xv, 251 p.;  |b ill.;  |c 24 cm. 
490 1 |a Progress in mathematics (Boston, Mass.)  |v ; 177 
504 |a Includes bibliographical references and index 
650 0 0 |a Complex manifolds. 
650 0 0 |a Torus (Geometry) 
700 1 |a Lange, H. (Herbert)  |d 1943- 
830 0 |a Progress in mathematics (Boston, Mass.)  |v ; 177 
852 |a INST  |b SAMOS  |e 20000308  |h 514.3 BIR  |p 005300016160  |q 005300016160  |t BK  |y 0 
901 |a BIBL3-2000-1 
909 |a Σ  |b 067590 
922 |a 3ΕΛΗ  |b 199912  |c ΕΠΕΑΕΚ/ΜΑΘ  |d ΠΑΠΑΣΩΤΗΡΙΟΥ 
970 |a ΠΟΥΡΝΑΡΑΣ  |b ΔΗΜΗΤΡΗΣ  |z 2000/03/09